Simulácie procesov tvárnenia pomocou krutovej plastometrie

Bibliographic Details
Main Authors: Kvačkaj, T. (Author), Pokorný, I. (Author), Vlado, Martin, 1959- (Author)
Format: Article
Language:Slovak
PhysicalDescription:Grafy, tab.
ISSN:1335-1532
Subjects:

MARC

LEADER 00000nab a2200000 a 4500
001 vtls000751161
003 SK-MaSNL
005 20260304104916.0
008 250429c2000 xo 0 slo
015 |a SNBRB2001/03-09025 
035 |a CLN000102956 
035 |a urn:nbn:sk:snk-abd3rk 
035 |a (urnnbn)urn:nbn:sk:snk:ar-004mar 
035 |a (uuid)dd89a81a-d772-4f27-9dd6-09a2fe7a151d 
040 |a SNKBUCL  |b slo  |c SNKBUCL  |e AACR2 
041 0 |a slo 
044 |a xo  |c SK 
080 |a 621.7:539.214  |2 1997 
080 |a 539.214  |2 1997 
100 1 |a Kvačkaj, T.  |4 aut  |9 783922 
245 1 0 |a Simulácie procesov tvárnenia pomocou krutovej plastometrie  |c T. Kvačkaj, I. Pokorný, M. Vlado 
300 |b Grafy, tab. 
504 |a Res. angl. 
504 |a Bibliogr. odkazy 
650 0 7 |a tvárnenie  |2 snkbucl  |9 19489 
650 0 7 |a plastometria krutová  |2 snkbucl  |9 1405550 
655 7 |a články z novín a časopisov  |2 snkbucl  |9 267496 
700 1 |a Pokorný, I.  |4 aut  |9 1154651 
700 1 |a Vlado, Martin,  |d 1959-  |4 aut  |9 14312 
773 0 |t Acta metallurgica slovaca  |g Roč. 6, č. 3 (2000), s. 242-248  |x 1335-1532 
850 |a Slovenská národná knižnica 
852 |a Slovenská národná knižnica 
954 |a odborná, vedecká literatúra pôvodná (slovenská)  |2 lita 
958 |a article17 
958 |a NB 
958 |a OND 
958 |a EUIPO 
992 |a RBX 
999 |c 2853545  |d 2855475